CONCRETE FLORS / (Record no. 588176)

000 -LEADER
fixed length control field 00328nam a22001457a 4500
020 ## - INTERNATIONAL STANDARD BOOK NUMBER
Qualifying information PB.
040 ## - CATALOGING SOURCE
Transcribing agency FIZZA ISHAQ
082 ## - DEWEY DECIMAL CLASSIFICATION NUMBER
Classification number 690.16
Author Mark GEO
100 ## - MAIN ENTRY--PERSONAL NAME
Personal name GARBER, GEORGE.
9 (RLIN) 89443
245 ## - TITLE STATEMENT
Title CONCRETE FLORS /
Statement of responsibility, etc. GEORGE GARBER.
250 ## - EDITION STATEMENT
Edition statement 2nd ED.
260 ## - PUBLICATION, DISTRIBUTION, ETC.
Name of publisher, distributor, etc. CRC PRESS,
Date of publication, distribution, etc. 2006.
300 ## - PHYSICAL DESCRIPTION
Extent 384 P. ;
942 ## - ADDED ENTRY ELEMENTS (KOHA)
Source of classification or shelving scheme
Koha item type Book
Holdings
Withdrawn status Lost status Source of classification or shelving scheme Damaged status Not for loan Permanent Location Current Location Date acquired Total Checkouts Full call number Barcode Date last seen Price effective from Koha item type
          NUST Baluchistan Campus (NBC) NUST Baluchistan Campus (NBC) 02/23/2022   690.16 GEO Q-2655 02/23/2022 02/23/2022 Book
© 2023 Central Library, National University of Sciences and Technology. All Rights Reserved.